Αφήστε τον στίχο να σας πάρη απ' το χέρι : ποιήματα για μικρά και μεγάλα παιδιά
Αποθηκεύτηκε σε:
| Κύριος συγγραφέας: | |
|---|---|
| Μορφή: | Βιβλίο |
| Γλώσσα: | Greek |
| Δημοσίευση: |
Λευκωσία :
Ίδρυμα Λεβέντη,
1993
|
| Θέματα: | |
| Ετικέτες: |
Προσθήκη ετικέτας
Δεν υπάρχουν, Καταχωρήστε ετικέτα πρώτοι!
|
MARC
| LEADER | 00000cam a2200000 i 4500 | ||
|---|---|---|---|
| 001 | 1/45662 | ||
| 008 | 031128s1993 gre d | ||
| 035 | |l 10071762 | ||
| 040 | |a GR-MY-UA |b gre |e aacr | ||
| 041 | 0 | |a gre | |
| 082 | 0 | |a 889.14 | |
| 100 | 1 | |a Μόντης, Κώστας, |d 1914-2004. | |
| 245 | 1 | 0 | |a Αφήστε τον στίχο να σας πάρη απ' το χέρι : |b ποιήματα για μικρά και μεγάλα παιδιά / |c Κώστας Μόντης |
| 260 | |a Λευκωσία : |b Ίδρυμα Λεβέντη, |c 1993 | ||
| 300 | |a 56 σ. | ||
| 650 | 0 | 0 | |a Cyprian literature. |
| 852 | |a INST |b RHODES |e 20031128 |h 889.14 ΜΟΝ |p 005400019933 |q 005400019933 |t BK |y 0 | ||
| 901 | |a BIBL4-2003-3 | ||
| 909 | |a Ρ |b 104977 | ||
| 970 | |a ΚΟΥΛΑΚΙΟΤΗ |b ΛΙΤΣΑ |z 2003/11/28 | ||